000 00545cam a2200229 i 4500
003 DO-SdBNP
005 20180222141531.0
008 100514s 2007 xxx a | |||| 000 f spa
015 _a
017 _a
_b
020 _a9972209288
035 _a
040 _aBPMSU
_bspa
_cBPMSU
_e
080 _a
082 4 _axxx
_bxxx
245 0 3 _aEl flautista de Hamelin /
_h
260 _a[s.d] :
_bLexus,
_c2007.
300 _a[14] p.:
_bil.
_c21 cm.
942 _2ddc
_cBK
945 _aInventariado, 2018/ YL
956 _aYLOCKWARD
_b10
_cBPMSU
999 _c12494
_d12494